000 00307nam a22001457a 4500
003 SGT
082 _a370
_bE14P
100 _aPATIL, RAMMOHAN K.
245 _aEDUCATION ADMINISTRATION
250 _a2ND
260 _aNEW DELHI
_bLAKSHAY PUB
_c2014
300 _a92
650 _aEDUCATION
942 _2ddc
_cBK
999 _c11706
_d11706